Chicago Loop Major Streets - Statistics

General Stats
  • This quiz has been taken 79 times
  • The average score is 16 of 25
Answer Stats
Street % Correct
200 N Lake Street
85%
0 E/W State Street
85%
0 N/S Madison Street
83%
100 N Washington Street
83%
100 E Michigan Avenue
81%
300 S Jackson Boulevard
77%
100 S Monroe Street
77%
200 S Adams Street
74%
100 W Clark Street
74%
340 N Wacker Drive
72%
360 W Wacker Drive
72%
500 S Ida B. Wells Drive
70%
45 E Wabash Avenue
68%
200 W Wells Street
66%
150 N Randolph Street
64%
1200 S Roosevelt Road
64%
140 W LaSalle Street
57%
400 S Van Buren Street
55%
300 W Franklin Street
53%
36 W Dearborn Street
51%
600 S Harrison Street
49%
300 E Columbus Drive
45%
700 E Lake Shore Drive
43%
800 S Polk Street
38%
700 S Balbo Drive
26%
No matching quizzes found
Score Distribution
Percent of People with Each Score
Percentile by Number Answered
Your Score History
You have not taken this quiz